| 000 | 00325nam a2200121Ia 4500 | ||
|---|---|---|---|
| 008 | 240731s9999 xx 000 0 und d | ||
| 022 | _a2993-7574 | ||
| 245 | 0 | _aMathematics in Medical and Life Sciences | |
| 260 | _bTaylor & Francis Open | ||
| 856 | _uhttps://www.tandfonline.com/loi/tmls20 | ||
| 942 | _2ddc | ||
| 942 | _cTFEJ | ||
| 999 |
_c78507 _d78507 |
||
| 945 |
_a1 _bMadushi Gamage _c1 _dMadushi Gamage |
||